000 00694cam a22002293a 4500
001 17039
003 PGUSA
005 20140828083349.0
008 051110s2005||||xxu|||||s|||||000 | eng d
040 _aPGUSA
_beng
042 _adc
050 4 _aSH
100 1 _aSmith, Hugh M.
_q(Hugh McCormick),
_d1865-1941
245 1 4 _aThe Salmon Fishery of Penobscot Bay and River in 1895-96
_h[electronic resource] /
_cHugh M. Smith
260 _bProject Gutenberg,
_c2005
506 _aPublic domain in the USA.
516 _aElectronic text
653 _aAtlantic salmon fisheries -- Maine
830 0 _aProject Gutenberg
_v17039
856 4 0 _uhttp://www.gutenberg.org/ebooks/17039
942 _cEB
999 _c246294
_d246294